000 00690nam a2200229Ia 4500
003 OSt
005 20220926004924.0
006 a|||||r|||| 00| 0
007 ta
008 220923b |||||||| |||| 00| 0 eng d
037 _cGeneral Book
040 _aRTL
_cRTL
_beng
041 _2eng
_aeng
082 _aX9(J):6.2.N9, N9
100 _aKarmakar K G
_9309496
245 0 _aRural credit and self-help groups
_b Micro-finance needs and cocepts of India
260 _a New Delhi
_bSage India
_c1999
300 _a374p. Bib. p 365-67
_ccm.
650 _aAgriculture Industry
942 _hX9(J):6.2.N9, N9
_cGB
_2CC
999 _c612615
_d612615